000 00768cam a22002054a 4500
005 20250605164043.0
008 250528s ||||||||||||||||||||||||d
035 _a17043
020 _a60404728
040 _aGR-AtMCL
_bgre
_dGR-AtMCL
_eAACR2
245 1 _aIdeals and Ideologies / A Reader
260 _bHarper Collins Publishers,
_c1991
300 _a450
520 _aPreface, Introduction, The Concept of Ideology, The Democratic Ideal, Liberalism, Conservatism, Socialism and Communism: More to Marx, Socialism and Communism After Marx, Fascism, Liberation Ideologies, ''Green'' Politics: Ecology as Ideology, The Future of Ideology.
700 1 _aBall Terence
_93170
700 1 _aDagger Richard
_93171
942 _cBK
999 _c2483
_d2483